| 000 | 00413nam a22001217a 4500 | ||
|---|---|---|---|
| 082 | _a200 THE | ||
| 100 |
_aHaider Riaz _969845 |
||
| 245 | _aTH-SOF-1632-Emotion detection in videos using non sequential deep convolutional neural network | ||
| 260 |
_aISLAMABAD _bNUST COLLEGE OF EME _c2018 |
||
| 650 |
_aMS-COMPUTER ENGINEERING-2016 MSTHESIS _969846 |
||
| 700 |
_aSupervisor Dr. M. Usman Akram _969847 |
||
| 942 | _cCF | ||
| 999 |
_c576948 _d576948 |
||